[Event "Bundesliga 0405"]
[Site "Germany"]
[Date "2005.01.30"]
[Round "9.5"]
[White "Brueggemann, Joachim"]
[Black "Hertneck, Gerald"]
[Result "0-1"]
[WhiteElo "2404"]
[BlackElo "2552"]
[Annotator "Psakhis,L"]
[PlyCount "64"]
[EventDate "2004.11.12"]
[EventType "team-tourn"]
[EventRounds "15"]
[EventCountry "GER"]
[SourceTitle "CBM 106"]
[Source "ChessBase"]
[SourceDate "2005.06.06"]
[SourceVersion "1"]
[SourceVersionDate "2005.06.06"]
[SourceQuality "1"]
[WhiteTeam "Erfurt"]
[BlackTeam "Tegernsee"]
[WhiteTeamCountry "GER"]
[BlackTeamCountry "GER"]

1. e4 e6 2. d4 d5 3. Nc3 Bb4 4. e5 Ne7 5. a3 Bxc3+ 6. bxc3 c5 7. a4 (7. Qg4 $1)
7... Qc7 8. Nf3 h6 $5 (8... b6 9. Bb5+ Bd7 10. Bd3 $13) 9. Bd3 (9. h4 b6 10.
Bb5+ Bd7 11. Bd3 Nbc6 12. Bd2 c4 13. Be2 f6 14. Bf4 O-O 15. Qd2 Ng6 16. Bxh6
fxe5 17. Qg5 Be8 18. h5 Nf4 19. Qg4 exd4 20. cxd4 e5 21. dxe5 Nxe5 {0-1
Konguvel,P-Rustemov,A/Biel MTO 2004/ (41)}) (9. Be2 b6 10. O-O Ba6 11. Bxa6
Nxa6 12. Qe2 (12. Qd3 Nb8 13. Nh4 (13. dxc5 bxc5 14. c4 O-O 15. cxd5 Nxd5 16.
Qc4 Nd7 17. Re1 Ne7 18. Qg4 Nf5 19. c3 Rfd8 20. Qh3 Nf8 21. g4 Ne7 {1-0
Hernandez,G-Dimitrov,V/Barcelona Spanische MM 2000 (39)}) 13... Nbc6 14. f4 O-O
15. Ba3 Na5 16. Rae1 Qc6 17. g4 Qxa4 18. Bc1 cxd4 19. f5 $40 {1-0 Hellers,
F-Hansen,C/Malmo 1997 (25)}) 12... Nb8 (12... Qb7 13. Qb5+ Nc6 14. dxc5 Nxc5
15. a5 O-O 16. c4 dxc4 17. Qxc4 Ne7 18. Be3 Rac8 19. axb6 axb6 20. Qb5 Nf5 21.
Ra3 Rfd8 22. h3 Nxe3 23. fxe3 {0-1 Mariano,N-Kruppa,Y/Dubai op 2004/}) 13. a5
bxa5 14. Qb5+ (14. dxc5 Nd7 15. Nd4 O-O 16. f4 Nxc5 17. Qb5 Ne4 18. Qxa5 Qxa5
19. Rxa5 Nxc3 20. Ba3 Rfe8 21. Ra1 Rac8 22. Rxa7 Nc6 $17 {Tan,K-L'Ami,E/NED-ch
B20 Schagen 2003/EXT 2004/0-1 (49)}) 14... Nd7 15. Qxa5 Qxa5 16. Rxa5 cxd4 (
16... a6 $5) 17. cxd4 Nc6 18. Ra1 Nb6 19. Ba3 Nc4 20. Rfb1 Nxa3 21. Rxa3 O-O
$11 {1/2-1/2 Serper,G-Yermolinsky,A/USA-ch Seattle 2000/ (22)}) 9... b6 10. O-O
(10. a5 bxa5 (10... Ba6 $5 11. Bxa6 (11. axb6 axb6 12. Bb5+ Bxb5 $1 13. Rxa8
Ba6 14. Rxa6 Nxa6 15. Qd3 Nb8 16. O-O Nd7 17. Nh4 O-O 18. f4 f5 $15 {0-1
Gashimov,V-Hertneck,G/Leon Mannschafts-EM m 2001 (43)}) 11... Nxa6 12. Qd3 c4 (
{a)} 12... Qb7 13. Qb5+ Nc6 14. axb6 axb6 15. dxc5 Nc7 16. Rxa8+ Qxa8)) 11. O-O
c4 ({Black experiences much more difficulties after} 11... Ba6 12. Ba3 Bxd3 13.
cxd3 Nd7 14. dxc5 Nxc5 15. c4 $1 dxc4 16. Rc1 Nb7 17. Rxc4 Qd7 18. Qc2 $36 {
1-0 McDonald,N-Shaked,T/London GM 1997 (47)}) 12. Be2 O-O 13. Re1 (13. Ba3 $1
Nbc6 14. Bd6 Qd8 15. Nh4 $14) 13... Nbc6 14. Bf1 (14. Ba3 f6 15. Bd6 Qd7 $132)
14... f6 15. Ba3 (15. exf6 Rxf6 16. Ba3 Bd7 {[%cal Ga8f8]}) 15... fxe5 16. Bxe7
(16. Nxe5 Nxe5 17. Rxe5 Rf7 $11 (17... Rf6 18. g3 Nf5 19. Qe2 Bd7 20. Bh3 $44))
16... Qxe7 17. Nxe5 Nxe5 18. Rxe5 Qc7 19. g3 (19. Be2 $5 {[%cal Ge2g4]}) 19...
Bd7 20. Bh3 Rf6 $13 {0-1 Topalov,V-Bareev,E/Wijk aan Zee-A 2004/CBM 99/
[Psakhis,Bareev] (49)}) 10... Ba6 11. dxc5 $146 (11. a5 Bxd3 (11... Qc6 $5 12.
Re1 (12. Ba3 Bxd3 13. cxd3 Nd7 14. dxc5 bxc5 15. d4 Rc8 16. Qe2 O-O 17. Rfb1
Rfe8 18. dxc5 Nxc5 19. Nd4 Qa8 20. a6 Ne4 21. Rb7 Ng6 {1-0 Arakhamia,K-Sedina,
E/EUR-chW Dresden 2004/ (33)}) 12... O-O 13. Ba3 (13. h3 Bxd3 14. cxd3 Nd7 15.
dxc5 bxc5 16. Nh2 f5 17. exf6 Rxf6 18. Ng4 Rf5 19. d4 Ng6 20. Ra2 Nf6 21. Rae2
Ne4 $14 {1-0 Nijboer,F-Romero Holmes,A/Wijk aan Zee 1995 (30)}) 13... Rc8 14.
Qd2 Bxd3 15. cxd3 Nd7 16. h4 bxa5 17. dxc5 Nxc5 18. Nd4 Qd7 19. Rab1 Na4 20.
Rbc1 Rab8 {Garcia Martinez,S-Rodriguez Guerrero,E/Mancha Real 2002//0-1 (34)})
12. cxd3 Qc6 13. Nh4 O-O 14. Qg4 Kh7 15. f4 f5 16. exf6 Rxf6 17. axb6 axb6 18.
Rxa8 Qxa8 19. dxc5 bxc5 20. Qe2 Nd7 21. Nf3 Qa6 22. c4 d4 23. Bd2 Ng6 24. Qe4
Rf7 25. Re1 Ndf8 {Chandler,M-Casper,T/BL9394 1994/1/2-1/2 (35)}) (11. Ba3 Bxd3
12. cxd3 Nd7 13. dxc5 bxc5 14. d4 O-O 15. c4 Rfc8 16. Rc1 Qa5 17. dxc5 Nxc5 18.
Nd4 a6 19. Bxc5 {1/2-1/2 Escobar Forero,A-Zlotnik,B/Los Reyes 2004/ChessBase})
(11. Nh4 $5 Bxd3 12. cxd3 O-O 13. Qg4 Kh7 14. dxc5 Qxe5 15. cxb6 (15. Ba3 Nbc6
16. d4 Qf6 $13) 15... axb6 16. Rb1 (16. Ba3 {war besser, wenngleich mir auch
hier die schwarze Position wegen der besseren Bauernstruktur sehr gut gefaellt}
Nbc6) 16... Nd7 17. Nf3 Qf5 $15 {1/2-1/2 Borriss-Kindermann,S/BL 0102 2002 (40)
}) (11. Re1 Bxd3 12. cxd3 Nd7 13. Ba3 O-O 14. Rc1 Rac8 15. Nh4 Rfe8 16. f4 Ng6
17. Nxg6 fxg6 18. c4 Qc6 19. dxc5 bxc5 20. Qb3 d4 21. Qb5 Qc7 $11 {1/2-1/2 De
Vreugt,D-L'Ami,E/Dieren op 2003 (24)}) 11... bxc5 12. Re1 (12. Bb5+ Bxb5 13.
axb5 Nd7 14. Re1 O-O $13) 12... O-O 13. Qd2 {[%cal Gd2f4]} (13. Bxa6 Nxa6 14.
Qe2 Qc6 {[%csl Ra4,Rc2,Rc3]}) 13... Bxd3 14. cxd3 Nd7 $11 15. a5 $6 {[%csl Ra5]
This pseudo-active move creates just problems for White.} (15. Ba3 Qa5 16. d4
Rfc8 $13) 15... Rab8 {[%cal Gb8b5]} 16. c4 Rfd8 {[%cal Gd8d2]} 17. Qf4 (17.
cxd5 Nxd5 $15) 17... Nf8 {A good prophylactic move.} (17... Ng6 $5 18. Qg3 dxc4
19. dxc4 Rb4 20. h4 h5 $5 $15) 18. Qg4 Nf5 19. Ra3 Rb1 20. h4 (20. Nd2 Rb4 {
[%cal Gb4g4]}) 20... Qb7 (20... dxc4 21. dxc4 (21. Qxc4 Rb4 {[%csl Rh4]}) 21...
Nd4 $36 {could be an interesting alternative to the text.}) 21. cxd5 Rxd5 22.
h5 Qb4 $1 {It is not so easy to neutralize Black's initiaitve after this
strong move.} 23. Qc4 (23. Qxb4 cxb4 24. Ra4 Rxd3 $19) 23... Nd4 {[%cal Od4f3,
Gb4e1]} 24. Nd2 (24. Qxb4 Nxf3+ 25. gxf3 cxb4) {[%tqu "En","Try to find small
combination for Black","","","d5e5","",5]} 24... Rxe5 $1 {I guess White
overlooked this nice and simple blow, since after the move Black gets the
decisive advantage.} 25. Rxe5 Qxd2 $19 {Hertneck's positional and material
advantage is decisive now.} 26. Rc3 (26. Rxc5 Rxc1+ 27. Qxc1 Ne2+) 26... Nd7
27. Re4 (27. Rxc5 Qd1+ 28. Kh2 Ne2 29. Rc8+ Kh7 30. Qe4+ f5 $19) 27... Qd1+ 28.
Kh2 Qxh5+ 29. Kg1 (29. Kg3 Nf5+ 30. Kf4 g5#) 29... Ne2+ (29... Qd1+ 30. Kh2 Nb5
{[%cal Rb5c3,Rb5d6] was also good enough}) 30. Rxe2 Qxe2 31. g3 Rb4 {[%csl Rc4]
} 32. Qa6 Qe1+ 0-1

[Event "Najdorf Memorial 11th"]
[Site "Buenos Aires"]
[Date "2000.09.18"]
[Round "1"]
[White "Milos, Gilberto"]
[Black "Short, Nigel D"]
[Result "0-1"]
[WhiteElo "2633"]
[BlackElo "2677"]
[Annotator "Psakhis,L"]
[PlyCount "56"]
[EventDate "2000.09.18"]
[EventType "tourn"]
[EventRounds "9"]
[EventCountry "ARG"]
[EventCategory "14"]
[SourceTitle "CBM 080"]
[Source "ChessBase"]
[SourceDate "2001.01.25"]
[SourceVersion "1"]
[SourceVersionDate "2001.01.25"]
[SourceQuality "1"]

1. e4 e6 2. d4 d5 3. Nc3 Bb4 4. e5 c5 5. a3 Bxc3+ 6. bxc3 Qc7 7. Nf3 {I played
6... Qc7 many times and mostly worried about} ({aggressive} 7. Qg4) 7... Ne7 8.
h4 b6 9. h5 h6 10. Bb5+ Bd7 11. Bd3 Nbc6 {Very difficult problem for black,
which plan to preffer: move in the text or} (11... Ba4 $5 12. O-O (12. Kf1 Nd7
13. Kg1 c4 14. Bf1 O-O-O 15. g3 Kb7 16. Bf4 g5 17. hxg6 Nxg6 18. Bxh6 f6 19.
exf6 Nxf6 $132 {1/2-1/2 Yagupov,I-Borovikov,V/Pavlograd 2000/ (70)}) 12... Nd7
13. Be3 c4 14. Be2 O-O-O 15. Qd2 Rdf8 16. Bf4 Qd8 17. Rac1 f6 18. Nh4 fxe5 19.
dxe5 Nc5 20. Bg4 Kb7 21. g3 Be8 22. Be3 Ne4 23. Qe1 g5 $1 $36 {0-1 De Firmian,
N-Kindermann,S/BL 0001 2000/ (44)}) 12. Kf1 $5 {Milos wants to keep rook on h
line, but worse consideration more popular} (12. O-O O-O 13. Be3 $5 {for
example} cxd4 (13... c4 $5) 14. cxd4 Nf5 15. c4 dxc4 16. Bxf5 exf5 17. Qc1 Na5
18. Bxh6 gxh6 19. Qxh6 Qc6 20. Qf4 Be6 21. Rae1 Kh7 22. Ng5+ Kh8 23. Re3 Rg8
24. Rg3 Bd5 25. e6 Bxe6 26. Qe5+ {1-0 Markovic,M-Drasko,M/YUG-ch Belgrade 1998/
CBM 64 (26)}) 12... Na5 $146 (12... c4 13. Be2 O-O-O 14. Bf4 (14. Rh4 Rdg8 15.
Rf4 Rf8 16. Nh4 Qd8 17. Bg4 g5 18. hxg6 Nxg6 19. Nxg6 fxg6 20. Qf3 g5 21. Rxf8
Qxf8 22. Qh3 Nd8 23. Kg1 h5 24. Bd1 g4 25. Qh4 Qf5 {Westerinen,H-Branford,J/
Lloyds Bank 1978/1-0 (50)}) 14... Rdg8 15. Qd2 Kb7 16. Nh2 Ka8 17. Bf3 Qd8 18.
g3 Nf5 19. Ng4 Qf8 20. a4 $14 {Lanka,Z-Hertneck,G/Zillertal 1993/ 0-1 (63)})
13. Rh4 O-O-O $5 {Brave move, Short believes that it will be difficult for
White to organised real attack on his king.} 14. dxc5 bxc5 15. Kg1 (15. Ba6+
Kb8 16. Rb1+ Ka8 17. Rf4 Rhf8 $13) 15... Kb8 16. Rg4 Rdg8 {[%cal Gg7g5]} 17.
Qe1 Ka8 18. Bd2 {[%cal Gc3c4]} (18. c4 {Leads to double-edged complications
after} Nxc4 (18... dxc4 19. Bd2 $5 cxd3 20. Bxa5 Qc8 21. cxd3 Bc6 22. Qe2 $36 {
[%csl Rc5][%cal Ga1c1]}) 19. Bxc4 dxc4 20. Rxc4 Bb5 21. Rc3 Nd5 $13) 18... c4
19. Be2 Nac6 {It looks that Black coukld be satisfied with the results of
opening} (19... g5 $5) 20. Bf4 (20. Bf1 g5 {[%csl Re5,Rg4]}) 20... g5 $1 21.
Bh2 (21. hxg6 $5 Nxg6 22. Qd2 {was possible answer, but Black has nothing to
worry about after} (22. Bh2 h5 (22... Ngxe5 23. Rxc4 (23. Rxg8+ Rxg8 24. Nxe5
Nxe5 25. Qd2 f6 26. Qxh6 $36) 23... dxc4 24. Nxe5 Nxe5 25. Bxe5 Qc6 26. Bf1 $44
) 23. Rg5 h4 $132) 22... h5 23. Rg5 f5 $13 {[%cal Gc7f4]}) 21... Nf5 $13 {
[%csl Rg4,Rh2][%cal Gg8b8]} 22. Rd1 $6 {Just waste of so important time.} ({
Milos had to play} 22. Nd4 $142 {and} Nxe5 $140 $2 {meets tactical refutation -
} 23. Nxf5 exf5 24. Rxc4 $1 dxc4 25. Bxe5 $16) 22... Rb8 23. Qd2 Rb7 24. Nd4
Ncxd4 25. cxd4 Ba4 26. f4 $6 ({And after} 26. Qc3 Qb6 $17 {[%csl Re2,Rh2][%cal
Yb6b2] Black keep clear advantage, but now every thin is much easy}) 26... Rb2
27. Rc1 c3 28. Qd3 Rxc2 $1 (28... Rxc2 29. Rxc2 Bxc2 30. Qxc2 Nxd4 $19) 0-1

[Event "Buenos Aires zt 2.5"]
[Site "Buenos Aires"]
[Date "2000.??.??"]
[Round "4"]
[White "Ricardi, Pablo"]
[Black "Vasquez Schroder, Rodrigo Rafael"]
[Result "1/2-1/2"]
[WhiteElo "2488"]
[BlackElo "2454"]
[Annotator "Psakhis,L"]
[PlyCount "106"]
[EventDate "2000.07.26"]
[EventType "swiss"]
[EventRounds "9"]
[EventCountry "ARG"]
[SourceTitle "CBM 079"]
[Source "ChessBase"]
[SourceDate "2000.11.21"]
[SourceVersion "1"]
[SourceVersionDate "2000.11.21"]
[SourceQuality "1"]

1. e4 e6 2. d4 d5 3. Nc3 Bb4 4. e5 c5 5. a3 Bxc3+ 6. bxc3 Ne7 7. Nf3 b6 8. a4
Ba6 9. Bxa6 Nxa6 10. O-O (10. Qe2 Nb8 11. dxc5 Qc7 $1 12. O-O Qxc5 13. Qd2 Nbc6
14. Ba3 Qc4 15. Nd4 h6 16. f4 Nxd4 17. cxd4 Nf5 18. c3 h5 $13 {[%csl Gf5] 1/
2-1/2 Galkin,A-Najer,E/St.Petersburg Petrov 1998 (21)}) 10... Nb8 ({Here Black
have an interesting idea of taking control over the g5-square:} 10... h6 $5 11.
Qe2 Nb8 12. c4 O-O 13. Rd1 Qc7 14. cxd5 Nxd5 15. Ra3 cxd4 16. Rxd4 Rc8 17. c4
Ne7 18. Nh4 Nbc6 $132 {0-1 Herrera,I-Pecorelli Garcia,H/Santa Clara-B 1999 (40)
}) 11. a5 $146 {This is a novelty, but it is probably not too dangerous for
Black.} (11. dxc5 bxc5 12. c4 O-O 13. cxd5 Nxd5 14. Qd3 h6 15. c4 Ne7 16. Qe4
Nd7 17. Rb1 Qa5 $15 {Sokolov,A-Jussupow,A/Riga (m3) 1986/[Yusupov,A]/0-1 (40)})
({According to the current state of theory of this line, White gets a
dangerous initiative after} 11. Ng5 $142 $1 h6 12. Qh5 g6 13. Qh3 cxd4 14. cxd4
Nbc6 15. Nf3 Kd7 16. c3 Rc8 17. Nd2 Na5 18. Qf3 Rh7 19. Ba3 Nf5 20. Qd3 Qc7 21.
Qb5+ Qc6 22. Bb4 $14 {1/2-1/2 Karpov,A-Short,N/London i 1982 (55)}) 11... Nd7
12. Qd3 h6 13. Ba3 O-O $11 {[%csl Rc2,Rc3][%cal Gd8c7,Ga8c8] As Black has
completed his development, his chance are about equal, as he might get
pressure on the c-file.} 14. dxc5 bxc5 15. a6 {[%cal Ga1b1,Gb1b7]} Qc7 {
[%csl Re5]} 16. c4 (16. Rfb1 Rab8) 16... Rfd8 17. cxd5 Nxd5 $15 {[%csl Ra6,Re5]
Black's position is already preferrable, as the e5- and a6- pawn are
vulnerable.} 18. Qe4 Rab8 19. h3 Rb6 20. c4 Nb4 21. Rad1 (21. Bxb4 $6 cxb4 {
[%cal Gd7c5]}) 21... Rxa6 $17 22. Bc1 {[%cal Ge4g4,Rc1h6]} Nf8 23. Be3 Rc6 (
23... Rxd1 $5 24. Rxd1 Rb6) 24. Qg4 (24. Rxd8 $5 Qxd8 25. Rb1 {[%cal Ge3c5,
Rb1b4]} Qb6 $4 26. Rxb4 $18) 24... Ng6 25. h4 {[%cal Re3h6]} Kf8 26. h5 Ne7 {
[%cal Re7f5]} 27. Nh4 Nc2 28. Qe4 (28. Rxd8+ Qxd8 29. Rd1 Qc7) 28... Nxe3 29.
fxe3 $5 {[%cal Gf1f8]} Kg8 (29... Rxd1 30. Rxd1 Kg8 31. Qd3 $5 $15) 30. Qf3 Rf8
31. Ng6 $5 {Nice try, but the position remains better for Black.} Nxg6 32. hxg6
f6 $1 33. exf6 gxf6 34. Rd2 Qc8 35. g7 $6 (35. Rfd1 Rc7 36. Rd6 Qe8) 35... Kxg7
36. Qg4+ Kh7 37. Rfd1 Rc7 38. Rd6 f5 $19 39. Qf3 Rg7 {[%cal Gf8g8]} 40. Rc6 Qb7
41. Kh1 Rf6 42. Rd8 (42. Rxc5 Qxf3 43. gxf3 Rfg6) 42... Rfg6 43. Rcc8 Qb1+ 44.
Kh2 Rg5 (44... Rxg2+ 45. Qxg2 Rxg2+ 46. Kxg2 Qc2+ 47. Kf3 Qxc4 $19) 45. Rh8+
Kg6 46. Rcg8 Qb2 47. Rb8 Qa1 (47... Qe5+ $19) 48. Qc6 Qe5+ (48... Rh5+ 49. Kg3
Qe1+ 50. Kf4 Rh4+ 51. Ke5 Qxe3+ 52. Kd6 Qd4+ $19) 49. Kg1 Qxe3+ 50. Kf1 Qd3+ $6
{Probably Black was in a serious time-trouble, as otherwise he would have
found a win, which is available here.} (50... Rg4 $1 51. Qe8+ Kf6 52. Qd8+ (52.
Rf8+ Ke5) 52... Ke5 $19) (50... Rh5 $1 51. Qe8+ Kg5 52. Qd8+ Kf4 53. Qd6+ e5
$19) 51. Ke1 Qe3+ 52. Kf1 Qf4+ $2 53. Ke1 Qe3+ $4 {Repeating the position for
the third time, while Black could still have won easily.} (53... Qh4+ 54. Kf1 (
54. Kd2 Rd7+ $1 $19) 54... Qxc4+ $19) 1/2-1/2

[Event "POL-chT 66th"]
[Site "Katowice"]
[Date "2010.09.08"]
[Round "5"]
[White "Kravtsiv, Martyn"]
[Black "Baklan, Vladimir"]
[Result "1/2-1/2"]
[WhiteElo "2559"]
[BlackElo "2621"]
[Annotator "RR"]
[PlyCount "64"]
[EventDate "2010.09.04"]
[EventType "team-tourn"]
[EventRounds "9"]
[EventCountry "POL"]
[SourceTitle "EXT 2016"]
[Source "ChessBase"]
[SourceDate "2015.10.08"]
[SourceVersion "1"]
[SourceVersionDate "2015.10.08"]
[SourceQuality "1"]
[WhiteTeam "Prokonex"]
[BlackTeam "Lublin"]
[WhiteTeamCountry "POL"]
[BlackTeamCountry "POL"]

1. e4 e6 2. d4 d5 3. Nc3 Bb4 4. e5 c5 5. a3 Bxc3+ 6. bxc3 Ne7 7. Nf3 (7. Qg4
O-O 8. Bd3 f5 9. exf6 Rxf6 10. Bg5 Rf7 11. Qh5 g6 12. Qd1 Qa5 13. Bd2 Nd7 (
13... Nbc6) 14. Nf3 c4 15. Be2 Nc6 16. h4 Nf6 (16... e5 17. h5 {[%csl Rg8]})
17. h5 Ne4 18. hxg6 hxg6 19. Rh4 Rh7 {Shankland,S (2652)-Timman,J (2593) Tata
Steel-B 77th 2015 (4) 1/2}) 7... b6 8. a4 Ba6 9. Bb5+ Bxb5 10. axb5 Qd7 11. Qe2
a6 (11... c4 12. Rb1 a6 13. bxa6 Rxa6 14. h4 h6 15. h5 Nbc6 16. g4 Kd8 17. Nh4
Kc7 18. O-O Ra2 19. f4 g6 20. Rf2 gxh5 21. gxh5 Rg8+ 22. Rg2 Rxg2+ 23. Qxg2 Nf5
24. Nxf5 exf5 25. Be3 Ne7 26. Qg7 Qe6 27. Rc1 Nc6 28. Kg2 Na7 29. Kf3 Nb5 30.
Rg1 Kc6 31. Qg8 Nc7 32. Rg7 Rxc2 33. Rxf7 Kb5 34. Qg6 Qc8 35. Qd6 Ne6 36. Qb4+
Kc6 37. Qa4+ b5 38. Qxc2 Qg8 39. Qxf5 {1-0 (39) Kryvoruchko,Y (2706)-Minasian,
A (2432) Yerevan 2014}) 12. bxa6 c4 13. O-O Rxa6 14. Rb1 h6 $146 (14... O-O 15.
Bg5 Nbc6 16. Bxe7 Nxe7 17. Rb2 Rfa8 18. Rfb1 Nc8 19. h4 Ra2 20. Qd2 h6 21. g4
Qa4 22. Rxa2 Qxa2 23. Re1 Ne7 24. h5 Qb2 25. Kg2 Ra3 26. Re3 Ra1 27. Re1 b5 28.
Rxa1 Qxa1 29. Nh4 Nc6 30. g5 hxg5 31. Qxg5 Qa3 32. h6 Qf8 33. Nf3 Kh8 34. h7
Ne7 35. Qh5 Nf5 36. Ng5 Nh6 37. Qd1 Qe7 38. Qh5 Qa7 39. Qd1 Qe7 {1/2-1/2 (39)
Teufl,S (2184)-Tabernig,B (2324) Austria 2005}) 15. h4 Nbc6 16. h5 {[%csl Rg7]
Un plan un peu curieux après avoir roqué mais les pièces Noires sont mal
placées pour tenter d'attaquer le P"h5"} Kd8 $5 {[%cal Gd8c7] A l'intuition,
les Noirs préfèrent éviter de roquer car le "Ph5" fait pression sur
l'aile-roi} (16... O-O 17. Nh4 {[%cal Ge2g4,Gc1h6]} Rfa8 18. Qg4 Kf8 19. f4 Ra2
20. Rxb6 Rxc2 21. Rxc6 $1 Nxc6 (21... Qxc6 22. f5 $36) 22. f5 $40) 17. Nh4 Kc7
18. Qf3 Rf8 19. Bd2 Ra2 20. Rfc1 Na7 21. Ra1 $1 {Le bon moment car la liaison
des R Noires est rompue} Rxa1 22. Rxa1 Nb5 23. Rb1 (23. Qg3) (23. Qg4 Rg8 24.
f4) 23... Qe8 24. Qg4 Rg8 25. Qh3 Kc6 26. Rf1 Qd7 27. Qf3 Nf5 $1 {[%csl Rd2]
Après l'échange des N, le mauvais B sera dominé par le N noir} 28. Nxf5 exf5
29. Ra1 Nc7 30. Ra7 Qe6 31. Ra4 b5 32. Ra1 Kb7 1/2-1/2

[Event "Gibraltar Masters 9th"]
[Site "Caleta"]
[Date "2011.01.29"]
[Round "5"]
[White "Felgaer, Ruben Alejandro"]
[Black "Sengupta, Deep"]
[Result "0-1"]
[WhiteElo "2585"]
[BlackElo "2530"]
[Annotator "Reeh,O"]
[PlyCount "34"]
[EventDate "2011.01.25"]
[EventType "swiss"]
[EventRounds "10"]
[EventCountry "GGB"]
[SourceTitle "CBM 141"]
[Source "ChessBase"]
[SourceDate "2011.03.17"]
[SourceVersion "1"]
[SourceVersionDate "2011.03.17"]
[SourceQuality "1"]

1. e4 e6 2. d4 d5 3. Nc3 Bb4 4. e5 c5 5. a3 Bxc3+ 6. bxc3 Ne7 7. a4 Qc7 8. Nf3
h6 9. Ba3 cxd4 10. Qxd4 Nbc6 11. Bb5 Bd7 12. Qc5 Nf5 13. Bxc6 $1 {Giving up
the bishop pair, but saving the queen! Gibt das Läuferpaar auf, aber rettet
die Dame!} (13. O-O $4 b6 {and the white queen must say good-bye und die weiße
Dame muss sich verabschieden}) ({just as after genau wie nach} 13. g4 $4 b6)
13... Qxc6 14. Qb4 Qb6 15. Qf4 {White avoids the exchange of queens, entirely
relying on the effect of the bishop on the diagonal a3-f8. Weiß vermeidet den
Damentausch und verlässt sich ganz auf die Wirkung des Läufers auf der
Diagonalen a3-f8.} Rc8 16. O-O Rxc3 17. Rfb1 $4 ({If White wanted to occupy
the b-file with this rook, he should have prepared this move with Wenn Weiß
die b-Linie mit diesem Turm besetzen wollte, hätte er diesen Zug mit} 17. Qd2 {
while 17.a5 wasn't bad either. vorbereiten sollen, ansonsten war auch 17.a5
nicht schlecht.}) {[%tqu "En","White has attacked the black queen. How do you
react?","Remember the motifs: annihilation, deflection , mating combination .",
"","c3a3","",5,"De","Weiß hat die schwarze Dame angegriffen. Wie reagieren
Sie?","","","c3a3","",5]} 17... Rxa3 $1 {A bolt from the blue, the overloading
of the rooks decides immediately - 18.Rxb6 Rxa1+ and mate.. So schnell kann es
gehen, die Überlastung der Türme entscheidet sofort - 18.Rxb6 Rxa1+ und Matt.}
0-1